<?xml version="1.0" encoding="UTF-8"?>
<record
    xmlns:xsi="http://www.w3.org/2001/XMLSchema-instance"
    xsi:schemaLocation="http://www.loc.gov/MARC21/slim http://www.loc.gov/standards/marcxml/schema/MARC21slim.xsd"
    xmlns="http://www.loc.gov/MARC21/slim">

  <leader>01661nam a2200313   4500</leader>
  <controlfield tag="001">14063</controlfield>
  <controlfield tag="003">http://catalogue.bnf.fr/ark:/12148/cb48729024c</controlfield>
  <controlfield tag="005">20260401184644.0</controlfield>
  <datafield tag="010" ind1=" " ind2=" ">
    <subfield code="a">9782493307163</subfield>
    <subfield code="d">14 EUR</subfield>
  </datafield>
  <datafield tag="073" ind1=" " ind2="0">
    <subfield code="a">9782493307163</subfield>
  </datafield>
  <datafield tag="090" ind1=" " ind2=" ">
    <subfield code="a">14063</subfield>
  </datafield>
  <datafield tag="099" ind1=" " ind2=" ">
    <subfield code="o">0</subfield>
  </datafield>
  <datafield tag="100" ind1=" " ind2=" ">
    <subfield code="a">20260313d2026    m  y0frey50      ba</subfield>
  </datafield>
  <datafield tag="101" ind1="0" ind2=" ">
    <subfield code="a">fre</subfield>
  </datafield>
  <datafield tag="102" ind1=" " ind2=" ">
    <subfield code="a">FR</subfield>
  </datafield>
  <datafield tag="105" ind1=" " ind2=" ">
    <subfield code="a">||||z   00|||</subfield>
  </datafield>
  <datafield tag="181" ind1=" " ind2="0">
    <subfield code="6">01</subfield>
    <subfield code="a">i </subfield>
    <subfield code="b">xxxe  </subfield>
  </datafield>
  <datafield tag="181" ind1=" " ind2=" ">
    <subfield code="6">02</subfield>
    <subfield code="c">txt</subfield>
    <subfield code="2">rdacontent</subfield>
  </datafield>
  <datafield tag="182" ind1=" " ind2="0">
    <subfield code="6">01</subfield>
    <subfield code="a">n</subfield>
  </datafield>
  <datafield tag="182" ind1=" " ind2=" ">
    <subfield code="6">02</subfield>
    <subfield code="c">n</subfield>
    <subfield code="2">rdamedia</subfield>
  </datafield>
  <datafield tag="200" ind1="1" ind2=" ">
    <subfield code="a">Le go&#xFB;t de l'autre</subfield>
    <subfield code="b">Texte imprim&#xE9;</subfield>
    <subfield code="e">th&#xE9;&#xE2;tre</subfield>
  </datafield>
  <datafield tag="214" ind1=" " ind2="0">
    <subfield code="d">2026</subfield>
  </datafield>
  <datafield tag="215" ind1=" " ind2=" ">
    <subfield code="a">1 vol. (77 p.)</subfield>
  </datafield>
  <datafield tag="215" ind1=" " ind2=" ">
    <subfield code="d">18 cm</subfield>
  </datafield>
  <datafield tag="225" ind1="1" ind2=" ">
    <subfield code="a">Quartett</subfield>
  </datafield>
  <datafield tag="330" ind1=" " ind2=" ">
    <subfield code="a">&#xAB; Le go&#xFB;t de l&#x2019;autre &#xBB; de Shiho Kasahara est une pi&#xE8;ce de th&#xE9;&#xE2;tre en un acte qui explore, &#xE0; travers les interactions sensorielles et quotidiennes d&#x2019;un duo &#xAB; ELLE &#xBB; et &#xAB; LUI &#xBB;, les s&#xE9;quelles invisibles du traumatisme inspir&#xE9;es par la triple catastrophe de Tohoku en 2011 (s&#xE9;isme, tsunami, Fukushima). Structur&#xE9;e en fragments num&#xE9;rot&#xE9;s autour d&#x2019;une imprimante centrale &#x2013; symbole de m&#xE9;lange et de contagion &#x2013;, l&#x2019;&#x153;uvre entrelace des sc&#xE8;nes de bureau anxiog&#xE8;nes (impressions m&#xE9;lang&#xE9;es, formations sur le stress, annulations d&#x2019;&#xE9;v&#xE9;nements), des d&#xEE;ners maladroits au restaurant, des monologues introspectifs et des souvenirs olfactifs obs&#xE9;dants, notamment l&#x2019;odeur du vin rouge associ&#xE9;e &#xE0; la m&#xE8;re du personnage f&#xE9;minin &#xAB; ELLE &#xBB; lors du s&#xE9;isme, &#xE9;cho traumatique qui impr&#xE8;gne les corps et les espaces partag&#xE9;s. 
</subfield>
  </datafield>
  <datafield tag="610" ind1=" " ind2=" ">
    <subfield code="a">Japon</subfield>
    <subfield code="a">couple</subfield>
  </datafield>
  <datafield tag="700" ind1=" " ind2=" ">
    <subfield code="a">Kasahara</subfield>
    <subfield code="b">Shiho</subfield>
  </datafield>
  <datafield tag="801" ind1=" " ind2="0">
    <subfield code="a">FR</subfield>
    <subfield code="b">FR-751131015</subfield>
    <subfield code="c">20260313</subfield>
    <subfield code="g">AFNOR</subfield>
    <subfield code="h">FRBNF487290240000008</subfield>
  </datafield>
  <datafield tag="995" ind1=" " ind2=" ">
    <subfield code="2">0</subfield>
    <subfield code="5">2026-04-01</subfield>
    <subfield code="9">13954</subfield>
    <subfield code="c">JOL</subfield>
    <subfield code="f">JOL-007766</subfield>
    <subfield code="k">TH KAS 2</subfield>
    <subfield code="o">0</subfield>
    <subfield code="b">JOL</subfield>
    <subfield code="r">LIVR</subfield>
  </datafield>
</record>
